000 01129nam a22003257a 4500
003 CHAP
005 20220817042219.0
008 971013s1957 r 00010 d
010 _a37747
011 _a38719
035 _a42839
040 _cCHAP
082 _a630.72
_bF35i
110 _aFAO
245 _aInforme del Centro Internacional de Capacitación para México, Centroamérica y Panamá sobre planes de experimentación y técnicas de análisis en las investigaciones agrícolas, celebrado en México 1956
260 _aRoma :
_bFAO,
_c1957
300 _a12 p.
490 _aFAO. Informe
_v; 633
590 _aBATCH-UPD
_b10
_c20130110
_lUCH01
_h1652
590 _aBATCH-UPD
_b10
_c20130410
_lUCH01
_h1041
590 _aBATCH-UPD
_b10
_c20130914
_lUCH01
_h0331
590 _aBATCH-UPD
_b10
_c20140805
_lUCH01
_h1145
590 _aCONVERSION
_b10
_c20130109
_lUCH01
_h1321
650 1 4 _aAgricultura
_xExperimentación.
_91476
650 1 4 _aAgricultura
_xInvestigación.
_91577
830 0 _aFAO. Informe
_v; 633
_939584
901 _aBK
942 _cLIBRO
949 _a630.72 F35i
_bBC
_cFAO
_d-98476
_eFAO1
_h20126
_i42839
_si
999 _c37747
_d37747